Les 3 plus grands succès de ces stars de cinéma #1 - Statistiques

Statistiques générales
  • Ce quiz a été pris 93 fois
  • Le résultat moyen est 9 sur 36
Statistiques - réponses
Hint Réponse % Correct
Leonardo DiCaprio Titanic
86%
Ryan Gosling Barbie
81%
Margot Robbie Barbie
81%
The Avengers
69%
La La Land
62%
Le Loup de Wall Street
58%
Robert Downey Jr. Avengers: Endgame
43%
Le Diable s'habille en Prada
42%
The Revenant
41%
Avengers: Infinity War
33%
Inception
31%
Dwayne "The Rock" Johnson Fast & Furious 7
29%
Once Upon a Time in Hollywood
28%
Fast & Furious 8
20%
Suicide Squad
20%
Suicide Squad
20%
Gangs of New York
16%
Daniel Day-Lewis Lincoln
16%
Brad Pitt World War Z
14%
Bruce Almighty
12%
Meryl Streep Mamma Mia!
12%
Blade Runner 2049
10%
Morgan Freeman The Dark Knight
10%
Da Vinci Code
9%
The Dark Knight Rises
8%
Denzel Washington Gladiator II
7%
Toy Story 3
7%
Will Smith Aladdin
6%
Le Dernier des Mohicans
6%
Tom Hanks Toy Story 4
6%
Deadpool 2
4%
Independence Day
3%
American Gangster
2%
Safe House
2%
Vaiana 2
2%
Into the Woods
1%
Aucun quiz correspondant
Distribution des résultats
% des personnes avec chaque résultat
Percentile par nombre de réponses
Votre historique - résultats
Vous n’avez pas pris ce quiz